LEADER 01090nam a2200277 i 4500 001 000000128095 003 CaOOAMICUS 005 20221223103629.0 008 040927s2004 it u000 u ita u 013 $a100813 020 $a88-420-7220-6 040 $aSeMil$bita 100 1 $aBianco, Franco <1932-2006>.$0(OLS)http://semarc/name/30656 245 10$aIntroduzione a Gadamer /$cFranco Bianco. 260 $aRoma [etc.] :$bGLF editori Laterza,$c2004. 300 $a217 p. ;$c18 cm. 490 0 $aMaestri del Novecento ;$v10 600 14$aGadamer, Hans Georg.$0(OLS)http://semarc/subject/5866 830 0$aMaestri del Novecento Laterza ;$v10.$0(OLS)http://semarc/title/27651 850 $aSeMil 852 $aSeMil$W1$xVenegono$y1$m2Q VII 210$j82327$B82327$CSeMilBibl$Z2$F86740 $81 961 $aAcquisto: Àncora (Libreria) 996 $6020$a88-420-7220-6$9(OLS)http://semarc/number/114642 996 $6245$aIntroduzione a Gadamer$9(OLS)http://semarc/title/189244 996 $6260$aRoma [etc.] :$bGLF editori Laterza$9(OLS)http://semarc/publisher/31642 LEADER 01215nam a2200217 i 4500 001 000000186601 003 CaOOAMICUS 005 20160311000000.0 008 160311s1826 it u000 u ita u 013 $a164651 026 $an-oi e.ro e.di quOh (3) 1826 (A) 040 $aSeMil$bita 245 10$aAtti e sentimenti cristiani ad uso e conforto degli infermi coll'aggiunta delle preci per la raccomandazione dell'anima tolte dai rituali a comodo de' sacerdoti. 260 $aMilano :$bTipografia Pogliani sulla Corsia della Palla all' Albergo della Gran Bretagna,$c1826. 300 $a97, [1] p. ;$c8º. 650 4$aUnzione degli infermi .$0(OLS)http://semarc/subject/5582 710 0 $aPogliani$c.$0(OLS)http://semarc/name/3234 850 $aSeMil 852 $aSeMil$W1$xVenegono$y1$m3K II 116 FA$j137288$B137288$CSeMilBibl$Z2$F209823 $8I 996 $6245$aAtti e sentimenti cristiani ad uso e conforto degli infermi coll'aggiunta delle preci per la raccomandazione dell'anima tolte dai rituali a comodo de' sacerdoti$9(OLS)http://semarc/title/268301 996 $6260$aMilano :$bTipografia Pogliani sulla Corsia della Palla all' Albergo della Gran Bretagna$9(OLS)http://semarc/publisher/49935